Etnocentrizmus slovenských spotrebiteľov pri nákupe vybraného tovaru
Hodnotenie etnocentrizmu mladých slovenských spotrebiteľov pri nákupe ovocia a zeleniny. Východiskom sú spotrebiteľské správanie, nákupný proces a modifikovaná metóda CETSCALE. Výsledky uskutočneného prieskumu sú porovnávané s výsledkami iných prieskumov.
Salvato in:
| Autore principale: | |
|---|---|
| Natura: | Capitolo di libro |
| Lingua: | slovacco |
| Soggetti: | |
| Tags: |
Nessun Tag, puoi essere il primo ad aggiungerne!!
|
MARC
| LEADER | 00000nla a2200000 4500 | ||
|---|---|---|---|
| 001 | 0196039 | ||
| 005 | 20240502073313.1 | ||
| 041 | 0 | |a slo | |
| 044 | |a SK | ||
| 245 | 1 | 0 | |a Etnocentrizmus slovenských spotrebiteľov pri nákupe vybraného tovaru |c Jozef Gajdoš |
| 520 | |a Hodnotenie etnocentrizmu mladých slovenských spotrebiteľov pri nákupe ovocia a zeleniny. Východiskom sú spotrebiteľské správanie, nákupný proces a modifikovaná metóda CETSCALE. Výsledky uskutočneného prieskumu sú porovnávané s výsledkami iných prieskumov. | ||
| 610 | 2 | 0 | |a spotrebitelia |
| 610 | 2 | 0 | |a nákup |
| 610 | 2 | 0 | |a Slovensko |
| 610 | 2 | 0 | |a kultúra |
| 610 | 2 | 0 | |a správanie spotrebiteľa |
| 610 | 2 | 0 | |a zelenina |
| 610 | 2 | 0 | |a ovocie |
| 610 | 2 | 0 | |a dotazníky |
| 100 | 1 | |a Gajdoš, Jozef, 1962-2025 | |